Art and politics in Renaissance Italy : British Academy lectures
Αποθηκεύτηκε σε:
| Κύριος συγγραφέας: | |
|---|---|
| Συγγραφή απο Οργανισμό/Αρχή: | |
| Μορφή: | Βιβλίο |
| Γλώσσα: | English |
| Δημοσίευση: |
Oxford :
Oxford University Press,
1997
|
| Θέματα: | |
| Ετικέτες: |
Προσθήκη ετικέτας
Δεν υπάρχουν, Καταχωρήστε ετικέτα πρώτοι!
|
MARC
| LEADER | 00000cam a2200000 i 4500 | ||
|---|---|---|---|
| 001 | 1/89141 | ||
| 008 | 990909s1997 eng d | ||
| 020 | |a 0-19-726159-0 | ||
| 035 | |l 10052712 | ||
| 040 | |a GR-MY-UA |b gre |e aacr | ||
| 041 | 0 | |a eng | |
| 082 | 0 | |a 709.4509024 | |
| 100 | 1 | |a Holmes, George, |d 1927-2009. | |
| 245 | 1 | 0 | |a Art and politics in Renaissance Italy : |b British Academy lectures / |c Selected and introduced by George Holmes |
| 260 | |a Oxford : |b Oxford University Press, |c 1997 | ||
| 300 | |a 309 p. | ||
| 504 | |a Includes bibliographical references and index | ||
| 650 | 0 | 0 | |a Art, Renaissance |z Italy. |
| 650 | 0 | 0 | |a Art, Italian. |
| 650 | 0 | 0 | |a Art and state |z Italy. |
| 650 | 0 | 0 | |a Art patronage |z Itlay. |
| 710 | 2 | |a British Academy. | |
| 852 | |a INST |b LESVOS |e 19990909 |h 709.4509024 ART |p 005100015831 |q 005100015831 |t BK |y 0 | ||
| 901 | |a BIBL1-1999-2 | ||
| 909 | |a Λ |b 067036 | ||
| 970 | |z 1999/09/09 |a ΚΑΜΑΤΣΟΥ |b ΔΕΣΠΟΙΝΑ | ||